Lustige Fakten über Tiere - Statistiken

Allgemein
  • Dieses Quiz wurde 156 mal gespielt
  • Das Durchschnittsergebnis liegt bei 11 aus 15
Antwortstatistiken
Frage Antwort % Korrekt
Die Hautfarbe eines erwachsenen Eisbären ist pechschwarz. WAHR
93%
Delfine schlafen nur mit einer Gehirnhälfte. WAHR
93%
Pferde können nicht durch die Nase atmen - nur durch den Mund. FALSCH
80%
Geparde sind nachtaktive Jäger - tagsüber ruhen sie sich aus. FALSCH
80%
Fledermäuse riechen mit ihren Ohren. FALSCH
80%
Waldfrösche können während des Winters vollständig einfrieren und dann im Frühling auftauen. WAHR
78%
Faultiere klettern nur einmal pro Woche zum Boden — zum Kacken. WAHR
78%
Es gibt Studien, dass Kühe mehr Milch geben, wenn sie ruhige Musik hören. WAHR
76%
Wenn ein Weibchen in einer Gruppe von Clownfischen stirbt, verwandelt sich das dominanteste Männchen in ein Weibchen, um sie zu ersetzen. WAHR
74%
Es gibt Studien, dass Elefanten bei Rockmusik gute Laune bekommen. FALSCH
65%
Eine dreifarbige Katze ist fast immer weiblich. WAHR
59%
Tintenfische haben schwarzes Blut. FALSCH
54%
Eulen haben je drei Augenlider: Eins zum Blinzeln, eins zum Schlafen, eins zur Säuberung. WAHR
54%
Vorwärts und Rückwärts fliegen - kein Problem für Bienen und Hummeln. WAHR
46%
Die Haut eines Elefanten ist so dick und robust, dass dieser keine Sonnenbrände und Insektenstiche bekommen kann. FALSCH
37%
Keine übereinstimmenden Quizze gefunden
Verteilung der Resultate
Anzahl Personen mit jedem Resultat
Perzentil nach korrekt beantworteten Fragen
Ihre Resultats-Entwicklung
Sie haben dieses Quiz noch nicht gespielt